Movies Quiz

Random Movies or Comic Books Quiz
Score 0/13 Timer 07:00
0 Plays Today
% Correct
Night-Bitch
81.7%
Remembering Tommy
81%
Ass-Kicker
72.5%
Kick Ass
69.7%
Battle Guy
67.6%
Colonel Stars
60.6%
Doctor Gravity
45.1%
Moon Bird
43.7%
Lieutenant Stripes
37.3%
Long Island Rocket Man
31%
Insect Man
23.9%
The All Seeing Eye
21.1%
The Enforcer
19%

You're not logged in!

Compare scores with friends on all Sporcle quizzes.
OR
Log In

Sporcle TV

Today on Sporcle TV


Watch our educational content, quiz creation guides, and fun videos on Sporcle TV.

Show Comments

Extras

Top Quizzes Today


Score Distribution

Paid Content

Your Account Isn't Verified!

In order to create a playlist on Sporcle, you need to verify the email address you used during registration. Go to your Sporcle Settings to finish the process.

Report this User

Report this user for behavior that violates our Community Guidelines.

Details: